L' età longobarda

Gardado en:
Detalles Bibliográficos
Autor Principal: Bognetti, Gian Piero (Author)
Formato: Libro
Idioma:Lingua italiana
Publicado: Milán Giuffrè 1967
Subjects:
Tags: Engadir etiqueta
Sen Etiquetas, Sexa o primeiro en etiquetar este rexistro!

MARC

LEADER 00000nam a2200000 a 4500
001 UCP9064
003 CL-VaPUC
008 000317e19670000IT |||||||||||||||||ita|d
082 0 4 |a 945.01  |b BOG  |2 21 
100 0 |a Bognetti, Gian Piero  |e author  |9 439396 
245 1 3 |a L' età longobarda 
300 |a v 
942 |c BK 
945 |d 20000317 00:00:00  |a rherrera 
260 |a Milán  |b Giuffrè  |c 1967 
650 0 |a Historia antigua  |9 267521 
650 0 |a Historia de Italia  |9 362027 
650 7 |a LOMBARDOS  |2 CL-VaPUC  |9 439297 
651 0 |a Italia  |9 254949 
583 |a last modification  |c 20000317 00:00:00  |k Rodrigo Vera 
999 |c 285915  |d 285913 
952 |0 0  |1 0  |4 0  |6 945_010000000000000_BOG_1967  |7 0  |8 A  |9 330777  |a BIBHIS  |b BIBHIS  |d 2019-11-20  |h v.3  |i 1395491  |o 945.01 BOG 1967  |p 1395491  |r 2025-01-20  |w 2019-11-20  |y BK  |k HIS 
952 |0 0  |1 0  |4 0  |6 945_010000000000000_BOG_1967  |7 0  |8 A  |9 330778  |a BIBHIS  |b BIBHIS  |d 2019-11-20  |h v.4  |i 1395505  |o 945.01 BOG 1967  |p 1395505  |r 2025-01-20  |w 2019-11-20  |y BK  |k HIS